魔球投资学 (Record no. 7674)

000 -LEADER
fixed length control field 00506nam a22001937a 4500
003 - CONTROL NUMBER IDENTIFIER
control field MPLRDC
005 - DATE AND TIME OF LATEST TRANSACTION
control field 20220104114449.0
008 - FIXED-LENGTH DATA ELEMENTS--GENERAL INFORMATION
fixed length control field 210129b ||||| |||| 00| 0 eng d
020 ## - INTERNATIONAL STANDARD BOOK NUMBER
International Standard Book Number 957-13-4801-8
082 ## - DEWEY DECIMAL CLASSIFICATION NUMBER
Classification number 563.5 MAU
100 ## - MAIN ENTRY--PERSONAL NAME
Personal name MICHAEL J. MAUBOUSSIN
245 ## - TITLE STATEMENT
Title 魔球投资学
Statement of responsibility, etc. 王柏鸿译
250 ## - EDITION STATEMENT
Edition statement 初版
260 ## - PUBLICATION, DISTRIBUTION, ETC.
Place of publication, distribution, etc. 台湾
Name of publisher, distributor, etc. 时报文化出版企业股份有限公司
Date of publication, distribution, etc. 2008
300 ## - PHYSICAL DESCRIPTION
Other physical details 271
490 ## - SERIES STATEMENT
Series statement BIG丛书: DH0179
650 ## - SUBJECT ADDED ENTRY--TOPICAL TERM
Topical term or geographic name entry element 投资,理财
942 ## - ADDED ENTRY ELEMENTS (KOHA)
Koha item type Book
-- 563.5 MAU
Holdings
Withdrawn status Lost status Source of classification or shelving scheme Damaged status Not for loan Collection code Home library Current library Shelving location Date acquired Cost, normal purchase price Total Checkouts Full call number Barcode Date last seen Date last checked out Price effective from Koha item type Public note
            Malaysian Public Library, Research and Development Centre Malaysian Public Library, Research and Development Centre   10/12/2007 42.90   563.5 MAU 00007666 17/03/2021 01/03/2014 17/03/2021 Book mplrdc

© 2022. Malaysian Public Library, Research and Development Centre. All Right ReservedE-mailmplrdc@help.edu.my 

Powered by Koha